Guess every Donkey Kong game - Statistics

General Stats
  • This quiz has been taken 56 times
  • The average score is 20 of 50
Answer Stats
Hint Answer % Correct
Arcade, Game & Watch, More. (1981) Donkey Kong
100%
GameBoy (1994) Donkey Kong
100%
GameBoy Advance (2004) Donkey Kong
100%
SNES (1994) Donkey Kong Country
88%
GameBoy Color (2000) Donkey Kong Country
88%
GameBoy Advance (2003) Donkey Kong Country
88%
Arcade, Game & Watch, More. (1982) Donkey Kong Jr.
76%
DSi (2009) Donkey Kong Jr.
76%
Arcade, Game & Watch. (1984) Donkey Kong 3
69%
Wii (2010) Donkey Kong Country Returns
64%
Wii U (2014) Donkey Kong Country: Tropical Freeze
62%
Nintendo Switch (2018) Donkey Kong Country: Tropical Freeze
62%
Nintendo 64 (1999) Donkey Kong 64
60%
GameBoy Advance (2004) Mario Vs. Donkey Kong
52%
Nintendo Switch (2024) Mario Vs. Donkey Kong
52%
GameCube (2003) Donkey Konga
50%
Arcade, Game & Watch, More. (1983) Donkey Kong 2
48%
Nintendo Switch (2025) Donkey Kong Country Returns HD
45%
3DS (2013) Donkey Kong Country Returns 3D
43%
GameBoy (1995) Donkey Kong Land
43%
GameBoy (1996) Donkey Kong Land 2
43%
NES (1983) Donkey Kong Jr. Math
40%
GameCube (2004) Donkey Kong Jungle Beat
40%
Wii (2008) Donkey Kong Jungle Beat
40%
Nintendo 64 (1997) Diddy Kong Racing
38%
GameCube (2004) Donkey Konga 2
38%
GameBoy (1997) Donkey Kong Land 3
38%
Wii (2007) Donkey Kong Barrel Blast/Donkey Kong Jet Race
36%
SNES (1995) Donkey Kong Country 2: Diddy's Kong Quest
33%
GameBoy Advance (2004) Donkey Kong Country 2: Diddy's Kong Quest
33%
SNES (1996) Donkey Kong Country 3: Dixie Kong's Double Trouble
26%
GameBoy Advance (2005) Donkey Kong Country 3: Dixie Kong's Double Trouble
26%
GameBoy Advance (2005) Donkey Kong: King of Swing
21%
DS (2007) Donkey Kong: Jungle Climber
19%
DS (2007) Diddy Kong Racing DS
17%
Game & Watch (1984) Donkey Kong Circus
17%
Game & Watch (1984) Donkey Kong Hockey
12%
DS (2006) Mario Vs. Donkey Kong 2: March of the Mini's
12%
DS (2010) Mario Vs. Donkey Kong: Mini-Land Mayhem!
12%
DS (2009) Mario Vs. Donkey Kong: Mini's March Again
12%
DSi (2009 Mario Vs. Donkey Kong: Mini's March Again!
12%
3DS (2015) Mario Vs. Donkey Kong: Tipping Stars
12%
Wii U (2015) Mario Vs. Donkey Kong: Tipping Stars
12%
NES (1988) Donkey Kong Classics
10%
3DS (2013) Mario and Donkey Kong: Mini's on the move
5%
Arcade (2006) Donkey Kong: Banana Kingdom
2%
Famicom (1983) Donkey Kong Jr. + Jr. Sansu Lesson
2%
GameCube (2005) Donkey Konga 3: Tabe-houdai! Haru Mogitate 50 Kyoku
0%
GameBoy Color (2000) Donkey Kong GB: Dinky Kong & Dixie Kong
0%
Arcade (2005) Donkey Kong: Jungle Fever
0%
No matching quizzes found
Score Distribution
Percent of People with Each Score
Percentile by Number Answered
Your Score History
You have not taken this quiz